000 00482nam a2200181Ia 4500
005 20250326124428.0
008 250326s9999 xx 000 0 und d
037 _aTextbook
040 _aFMSL
_beng
_cFMSL
041 _aeng
_2eng
084 _aX:8 K0;K5
_qFMSL
100 _aBrown W
_9737325
245 0 _aExploration in management
_cBrown W
260 _aLondon
_bLondon, Heinemann
_c1965
300 _a326p
942 _cTB
_hX:8 K0;K5
999 _c1273670
_d1273670